NFL Teams By Hint - Statistics

General Stats
  • This quiz has been taken 4,260 times
  • The average score is 18 of 32
Answer Stats
Hint Answer % Correct
America's National Animal Eagles
88%
Tall People Giants
85%
Revolutionary War Fighters Patriots
84%
Indians Redskins
78%
Just A Helmet Logo Browns
75%
Gold 49ers
74%
Striped Cats Bengals
74%
Big Cats Panthers
74%
Spotted Cats Jaguars
70%
Indian Leaders Chiefs
68%
Arrgh, Matey! Buccaneers
67%
Holy People Saints
65%
Baby Horses Colts
64%
Majestic Sea Creatures Dolphins
64%
Predator Birds Falcons
63%
Metal Workers Steelers
60%
Edgar Allen Poe Ravens
59%
Opposite Of Loosen Titans
59%
Black, Polar, etc. Bears
53%
Leif Erikson Vikings
50%
The __ King Lions
49%
Muggers Raiders
48%
Southern People Texans
48%
Indiana State Bird Cardinals
47%
12th Man Seahawks
46%
Not Coins Bills
41%
Bucking ___ Broncos
38%
Phone ____ Chargers
30%
Prepares Food Packers
30%
Jumbo __ Jets
29%
Bulls, Cows, etc. Rams
28%
Sheep Hustlers Cowboys
27%
No matching quizzes found
Score Distribution
Percent of People with Each Score
Percentile by Number Answered
Your Score History
You have not taken this quiz